000
00249nam a22001097a 4500
008
170125b xxu||||| |||| 00| 0 eng d
020
_a
9780131194373
041
_a
eng
080
_a
61
245
_a
PARAMEDIC LAB MANUAL
_c
CAMPBELL, S
942
_2
udc
_c
BK
999
_c
3670
_d
3670